000
00329nam a22001457a 4500
008
221117b ||||| |||| 00| 0 eng d
020
_a
9781119320654
041
_a
eng
080
_2
FIFTEENTH EDITION
_a
611
082
_a
611TOR
100
_a
10
101
_a
ANA
245
_a
ANATOMY&PHYSIOLOGY
_c
TORTORA G
942
_2
udc
_c
BK
999
_c
58918
_d
58918